[Event "Titled Tuesday intern op 13th Jun Late"]
[Site "Chess.com INT"]
[Date "2023.06.13"]
[Round "9"]
[White "Quinonez Garcia, Santiago"]
[Black "Srdanovic, Jovana"]
[Result "1-0"]
[WhiteElo "2259"]
[BlackElo "2047"]
[PlyCount "99"]
[EventDate "2023.06.13"]
[EventType "swiss (blitz)"]
[EventRounds "11"]
[EventCountry "USA"]
[SourceTitle "EXT 2024"]
[Source "ChessBase"]
[SourceDate "2023.10.10"]
[SourceVersion "1"]
[SourceVersionDate "2023.10.10"]
[SourceQuality "1"]

1. d4 d5 2. c4 c6 3. Nf3 Nf6 4. e3 Bf5 5. Nc3 e6 6. Nh4 Be4 7. f3 Bg6 8. Nxg6 hxg6 9. Qb3 Qb6 10. Bd2 Nbd7 11. 0-0-0 Qc7 12. h3 Be7 13. e4 dxc4 14. Bxc4 b5 15. Bd3 a5 16. Kb1 a4 17. Qc2 Nb6 18. Nxb5 Qd7 19. Nc3 0-0 20. Be3 Rfb8 21. h4 Ba3 22. Ka1 Nc4 23. Bxc4 Bxb2+ 24. Qxb2 Rxb2 25. Kxb2 a3+ 26. Ka1 Rb8 27. Rb1 Rxb1+ 28. Rxb1 Nh5 29. e5 Ng3 30. Bf2 Nf5 31. Ne2 c5 32. dxc5 Qd2 33. c6 Ne3 34. Bxe3 Qxe3 35. f4 Qc5 36. Bb5 Kh7 37. Ba4 f6 38. exf6 gxf6 39. g4 g5 40. hxg5 fxg5 41. Rc1 Qb4 42. Bb3 Qd2 43. Rc2 Qe1+ 44. Nc1 gxf4 45. c7 Qe5+ 46. Kb1 f3 47. c8Q f2 48. Qc7+ Qxc7 49. Rxc7+ Kg6 50. Bc4 1-0

[Event "Titled Tuesday intern op 13th Jun Late"]
[Site "Chess.com INT"]
[Date "2023.06.13"]
[Round "10"]
[White "Quinonez Garcia, Santiago"]
[Black "Yurasova, Daria"]
[Result "1/2-1/2"]
[WhiteElo "2259"]
[BlackElo "2081"]
[PlyCount "70"]
[EventDate "2023.06.13"]
[EventType "swiss (blitz)"]
[EventRounds "11"]
[EventCountry "USA"]
[SourceTitle "EXT 2024"]
[Source "ChessBase"]
[SourceDate "2023.10.10"]
[SourceVersion "1"]
[SourceVersionDate "2023.10.10"]
[SourceQuality "1"]

1. d4 d5 2. c4 dxc4 3. Nf3 Nf6 4. e3 e6 5. Bxc4 a6 6. a4 Nc6 7. 0-0 Be7 8. Qe2 0-0 9. Rd1 Nb4 10. Nc3 Bd7 11. e4 Bc6 12. Bf4 h6 13. Rd2 b5 14. axb5 axb5 15. Rxa8 Qxa8 16. Bxb5 Bxb5 17. Qxb5 Nxe4 18. Nxe4 Qxe4 19. Bxc7 Ra8 20. h3 Nd5 21. Bg3 Ra1+ 22. Kh2 Qb1 23. Bb8 Qc1 24. Qe8+ Kh7 25. Qxf7 Bh4 26. Nxh4 Qxd2 27. Qg6+ Kh8 28. Qxe6 Nf6 29. Be5 Qxf2 30. Nf5 Qg1+ 31. Kg3 Qe1+ 32. Kh2 Qg1+ 33. Kg3 Qe1+ 34. Kh2 Qh1+ 35. Kg3 Qe1+ 1/2-1/2

[Event "Titled Tuesday intern op 13th Jun Late"]
[Site "Chess.com INT"]
[Date "2023.06.13"]
[Round "7"]
[White "Sanchez, Roberto Daniel"]
[Black "Quinonez Garcia, Santiago"]
[Result "0-1"]
[WhiteElo "1966"]
[BlackElo "2259"]
[PlyCount "50"]
[EventDate "2023.06.13"]
[EventType "swiss (blitz)"]
[EventRounds "11"]
[EventCountry "USA"]
[SourceTitle "EXT 2024"]
[Source "ChessBase"]
[SourceDate "2023.10.10"]
[SourceVersion "1"]
[SourceVersionDate "2023.10.10"]
[SourceQuality "1"]

1. Nf3 d5 2. e3 c6 3. c4 Nf6 4. Nc3 g6 5. d4 Bg7 6. Be2 0-0 7. 0-0 b6 8. b3 Bb7 9. Bb2 Nbd7 10. cxd5 cxd5 11. Rc1 a6 12. h3 Ne4 13. Nxe4 dxe4 14. Nd2 e5 15. Nc4 exd4 16. Bxd4 b5 17. Nd6 Bc8 18. Bxg7 Kxg7 19. Nxe4 Qe7 20. Qd4+ f6 21. Rfd1 Ne5 22. f4 Nf7 23. Bf3 Bb7 24. Qc5 Rfe8 25. Rd4 Rac8 0-1

[Event "Titled Tuesday intern op 28th Mar Late"]
[Site "Chess.com INT"]
[Date "2023.03.28"]
[Round "4"]
[White "Onslow, Alfie"]
[Black "Quinonez Garcia, Santiago"]
[Result "1-0"]
[WhiteElo "2174"]
[BlackElo "2248"]
[PlyCount "105"]
[EventDate "2023.03.28"]
[EventType "swiss (blitz)"]
[EventRounds "11"]
[EventCountry "USA"]
[SourceTitle "EXT 2024"]
[Source "ChessBase"]
[SourceDate "2023.10.10"]
[SourceVersion "1"]
[SourceVersionDate "2023.10.10"]
[SourceQuality "1"]

1. Nf3 d5 2. d4 c6 3. Bf4 Nf6 4. c4 g6 5. e3 Bg7 6. Nbd2 0-0 7. h3 e6 8. Be2 Nfd7 9. 0-0 b6 10. b4 Bb7 11. c5 f6 12. Bd6 Re8 13. Qb3 Ba6 14. Bxa6 Nxa6 15. a4 Nc7 16. b5 cxb5 17. c6 Nf8 18. Bxc7 Qxc7 19. axb5 Re7 20. Ra6 Rd8 21. Rfa1 Ra8 22. Qb4 e5 23. Rxb6 Qxb6 24. Qxe7 Qxb5 25. Qb7 Qxb7 26. cxb7 Rb8 27. Rxa7 Nd7 28. Nb3 Bf8 29. Na5 Re8 30. Ra8 Nb8 31. dxe5 fxe5 32. Nxe5 Bd6 33. Nd7 Kf7 34. Nxb8 Rxb8 35. Rxb8 Bxb8 36. Nc6 Bc7 37. b8Q Bxb8 38. Nxb8 Ke6 39. Kf1 Kd6 40. Na6 Kc6 41. Nb4+ Kd6 42. Nd3 Ke6 43. Ke2 Kd6 44. Nf4 Ke5 45. Kd3 d4 46. Ne2 dxe3 47. Kxe3 h5 48. f4+ Kf5 49. Kf3 Kf6 50. Ke4 g5 51. fxg5+ Kxg5 52. g3 Kh6 53. Kf5 1-0

[Event "Titled Tuesday intern op 28th Mar Late"]
[Site "Chess.com INT"]
[Date "2023.03.28"]
[Round "7"]
[White "Quinonez Garcia, Santiago"]
[Black "Bongo Akanga Ndjila, Barthelemy"]
[Result "1-0"]
[WhiteElo "2248"]
[BlackElo "1824"]
[PlyCount "63"]
[EventDate "2023.03.28"]
[EventType "swiss (blitz)"]
[EventRounds "11"]
[EventCountry "USA"]
[SourceTitle "EXT 2024"]
[Source "ChessBase"]
[SourceDate "2023.10.10"]
[SourceVersion "1"]
[SourceVersionDate "2023.10.10"]
[SourceQuality "1"]

1. d4 d5 2. c4 e6 3. Nc3 a6 4. Nf3 dxc4 5. a4 Nc6 6. e4 Na5 7. Be2 Bb4 8. 0-0 Nf6 9. Bg5 h6 10. Bh4 g5 11. e5 Nd5 12. Nxd5 exd5 13. Bg3 0-0 14. Qc2 Nb3 15. Rad1 Qd7 16. h4 g4 17. e6 Qxe6 18. Ne5 h5 19. Nxc4 dxc4 20. Bxc4 Nxd4 21. Qd3 Nf3+ 22. gxf3 Qf6 23. Qd5 Bf5 24. Be5 Qg6 25. fxg4 Bxg4 26. Kh2 Bd6 27. f3 Be6 28. Qd4 Bxe5+ 29. Qxe5 Bxc4 30. Rg1 Rfe8 31. Rxg6+ fxg6 32. Qf6 1-0

[Event "Titled Tuesday intern op 28th Mar Late"]
[Site "Chess.com INT"]
[Date "2023.03.28"]
[Round "1"]
[White "Quinonez Garcia, Santiago"]
[Black "Kollars, Dmitrij"]
[Result "0-1"]
[WhiteElo "2248"]
[BlackElo "2618"]
[PlyCount "58"]
[EventDate "2023.03.28"]
[EventType "swiss (blitz)"]
[EventRounds "11"]
[EventCountry "USA"]
[SourceTitle "EXT 2024"]
[Source "ChessBase"]
[SourceDate "2023.10.10"]
[SourceVersion "1"]
[SourceVersionDate "2023.10.10"]
[SourceQuality "1"]

1. d4 Nf6 2. c4 e6 3. Nc3 Bb4 4. Qc2 0-0 5. a3 Bxc3+ 6. Qxc3 d6 7. Nf3 Nbd7 8. e3 b6 9. Bd3 Bb7 10. b4 e5 11. Be2 Ne4 12. Qc2 Ng5 13. d5 Nxf3+ 14. gxf3 Qh4 15. Bb2 f5 16. Bd3 g6 17. 0-0-0 a5 18. Rdg1 axb4 19. axb4 Kf7 20. f4 Rae8 21. Bxf5 gxf5 22. Qxf5+ Nf6 23. fxe5 Qxc4+ 24. Kb1 dxe5 25. Bxe5 Rxe5 26. Qxe5 Bxd5 27. f3 Re8 28. Qd4 Qxd4 29. exd4 Bxf3 0-1

[Event "Titled Tuesday intern op 28th Mar Late"]
[Site "Chess.com INT"]
[Date "2023.03.28"]
[Round "9"]
[White "Quinonez Garcia, Santiago"]
[Black "Rian, Kapriaga"]
[Result "1-0"]
[WhiteElo "2248"]
[BlackElo "2089"]
[PlyCount "65"]
[EventDate "2023.03.28"]
[EventType "swiss (blitz)"]
[EventRounds "11"]
[EventCountry "USA"]
[SourceTitle "EXT 2024"]
[Source "ChessBase"]
[SourceDate "2023.10.10"]
[SourceVersion "1"]
[SourceVersionDate "2023.10.10"]
[SourceQuality "1"]

1. d4 Nf6 2. c4 e6 3. Nc3 Bb4 4. Qc2 d5 5. cxd5 Qxd5 6. Nf3 c5 7. dxc5 Qxc5 8. Bd2 0-0 9. Rc1 Nc6 10. a3 Bxc3 11. Bxc3 Nd5 12. Bd2 Qxc2 13. Rxc2 e5 14. e4 Nf6 15. Bd3 Bg4 16. h3 Bxf3 17. gxf3 Nd4 18. Rc7 Nxf3+ 19. Ke2 Nxd2 20. Kxd2 Rfd8 21. Ke3 Rd7 22. Rhc1 Kf8 23. Rxd7 Nxd7 24. Rc7 Ke7 25. Bb5 Rd8 26. Rxb7 a5 27. Ra7 Kd6 28. Bxd7 Rxd7 29. Rxa5 Rb7 30. b4 g6 31. Kd3 f5 32. f3 fxe4+ 33. fxe4 1-0

[Event "Titled Tuesday intern op 28th Mar Late"]
[Site "Chess.com INT"]
[Date "2023.03.28"]
[Round "11"]
[White "Zampronha, Wladimir Camilo"]
[Black "Quinonez Garcia, Santiago"]
[Result "1-0"]
[WhiteElo "2163"]
[BlackElo "2248"]
[PlyCount "85"]
[EventDate "2023.03.28"]
[EventType "swiss (blitz)"]
[EventRounds "11"]
[EventCountry "USA"]
[SourceTitle "EXT 2024"]
[Source "ChessBase"]
[SourceDate "2023.10.10"]
[SourceVersion "1"]
[SourceVersionDate "2023.10.10"]
[SourceQuality "1"]

1. e4 e5 2. Nf3 Nc6 3. d4 exd4 4. Nxd4 Nf6 5. Nxc6 bxc6 6. e5 Qe7 7. Qe2 Nd5 8. c4 Ba6 9. b3 Nb4 10. a3 Nd5 11. g3 g6 12. Bg2 Bg7 13. Bb2 0-0 14. 0-0 Rae8 15. Re1 Nb6 16. Nd2 f6 17. e6 dxe6 18. Bxc6 Rd8 19. Bg2 e5 20. a4 Nd7 21. Ba3 c5 22. Bd5+ Kh8 23. Ne4 Rc8 24. Nc3 Nb6 25. Rad1 f5 26. Nb5 Bxb5 27. axb5 e4 28. Bb2 Rcd8 29. Bxg7+ Qxg7 30. Bc6 Rd4 31. Ra1 Rfd8 32. Qe3 g5 33. Ra2 f4 34. Qe2 Qe5 35. Qh5 Qg7 36. Bxe4 Qe7 37. Rae2 Qg7 38. Bxh7 Rf8 39. Bf5+ Kg8 40. Be6+ Rf7 41. Bxf7+ Qxf7 42. Re8+ Kg7 43. R8e7 1-0

[Event "Titled Tuesday intern op 21st Mar Early"]
[Site "Chess.com INT"]
[Date "2023.03.21"]
[Round "9"]
[White "Avazkhonov, Alikhon"]
[Black "Quinonez Garcia, Santiago"]
[Result "1-0"]
[WhiteElo "1538"]
[BlackElo "2248"]
[PlyCount "34"]
[EventDate "2023.03.21"]
[EventType "swiss (blitz)"]
[EventRounds "11"]
[EventCountry "USA"]
[SourceTitle "EXT 2024"]
[Source "ChessBase"]
[SourceDate "2023.10.10"]
[SourceVersion "1"]
[SourceVersionDate "2023.10.10"]
[SourceQuality "1"]

1. d4 Nf6 2. c4 e6 3. Nc3 Bb4 4. e3 b6 5. Bd2 0-0 6. Nf3 d5 7. cxd5 exd5 8. Rc1 Bb7 9. Bd3 a6 10. 0-0 Nbd7 11. Ne5 Nxe5 12. dxe5 Nd7 13. f4 Nc5 14. Bb1 Ne4 15. Nxe4 dxe4 16. Bxb4 Qc8 17. Bxf8 Qb8 1-0

[Event "Titled Tuesday intern op 21st Mar Late"]
[Site "Chess.com INT"]
[Date "2023.03.21"]
[Round "4"]
[White "Gallegos, Carlos"]
[Black "Quinonez Garcia, Santiago"]
[Result "1-0"]
[WhiteElo "2374"]
[BlackElo "2248"]
[PlyCount "71"]
[EventDate "2023.03.21"]
[EventType "swiss (blitz)"]
[EventRounds "11"]
[EventCountry "USA"]
[SourceTitle "EXT 2024"]
[Source "ChessBase"]
[SourceDate "2023.10.10"]
[SourceVersion "1"]
[SourceVersionDate "2023.10.10"]
[SourceQuality "1"]

1. e4 e5 2. Nf3 Nc6 3. Bb5 a6 4. Ba4 Nf6 5. 0-0 Be7 6. Re1 b5 7. Bb3 0-0 8. d3 Bb7 9. a3 d5 10. exd5 Nxd5 11. Nxe5 Nxe5 12. Rxe5 Nf6 13. Nc3 c5 14. Bg5 Qc7 15. Qe2 Bd6 16. Bxf6 Bxe5 17. Qxe5 Qxe5 18. Bxe5 Rfe8 19. Bd6 Rac8 20. Bd5 Bxd5 21. Nxd5 Rcd8 22. Ne7+ Kh8 23. Bxc5 Rc8 24. d4 Rxc5 25. dxc5 Rxe7 26. Rd1 g6 27. Kf1 Re5 28. b4 Re4 29. Rd6 a5 30. c3 a4 31. Rb6 Rc4 32. Rxb5 Rxc3 33. Ra5 Rxa3 34. c6 Kg7 35. c7 Rc3 36. Rc5 1-0

[Event "Titled Tuesday intern op 21st Mar Early"]
[Site "Chess.com INT"]
[Date "2023.03.21"]
[Round "4"]
[White "Liu, Casper Yukun"]
[Black "Quinonez Garcia, Santiago"]
[Result "1-0"]
[WhiteElo "2241"]
[BlackElo "2248"]
[PlyCount "33"]
[EventDate "2023.03.21"]
[EventType "swiss (blitz)"]
[EventRounds "11"]
[EventCountry "USA"]
[SourceTitle "EXT 2024"]
[Source "ChessBase"]
[SourceDate "2023.10.10"]
[SourceVersion "1"]
[SourceVersionDate "2023.10.10"]
[SourceQuality "1"]

1. d4 Nf6 2. c4 e6 3. Nc3 Bb4 4. Qc2 b6 5. e4 c5 6. d5 Qe7 7. Bd3 exd5 8. cxd5 Nxd5 9. Nge2 Nf6 10. 0-0 Bb7 11. f4 d6 12. e5 dxe5 13. fxe5 Qxe5 14. Bf4 Qd5 15. Nxd5 Bxd5 16. a3 Ba5 17. b4 1-0

[Event "Titled Tuesday intern op 21st Mar Late"]
[Site "Chess.com INT"]
[Date "2023.03.21"]
[Round "6"]
[White "Quinonez Garcia, Santiago"]
[Black "Castella Garcia, Fausto"]
[Result "1-0"]
[WhiteElo "2248"]
[BlackElo "2325"]
[PlyCount "87"]
[EventDate "2023.03.21"]
[EventType "swiss (blitz)"]
[EventRounds "11"]
[EventCountry "USA"]
[SourceTitle "EXT 2024"]
[Source "ChessBase"]
[SourceDate "2023.10.10"]
[SourceVersion "1"]
[SourceVersionDate "2023.10.10"]
[SourceQuality "1"]

1. d4 Nf6 2. c4 g6 3. Nc3 Bg7 4. e4 0-0 5. Nf3 d6 6. Be2 c5 7. 0-0 cxd4 8. Nxd4 Nc6 9. Be3 Bd7 10. h3 Nxd4 11. Bxd4 Bc6 12. Qc2 a5 13. Rad1 Nd7 14. Bxg7 Kxg7 15. Bg4 Ne5 16. b3 Nxg4 17. hxg4 Qd7 18. Qe2 Qe6 19. f4 f5 20. gxf5 gxf5 21. exf5 Qxe2 22. Nxe2 Rxf5 23. Nd4 Rf6 24. f5 Kf7 25. Rf4 Rg8 26. Rd2 h5 27. Rh4 Rg5 28. Kh2 Rh6 29. Rf2 Rg4 30. Rxg4 hxg4+ 31. Kg3 Kf6 32. Kxg4 Ke5 33. Nxc6+ bxc6 34. Kg5 Rh2 35. Re2+ Kd4 36. Rxe7 Rxg2+ 37. Kf6 Rxa2 38. Ke6 Kc5 39. f6 d5 40. cxd5 cxd5 41. f7 Rf2 42. Re8 d4 43. f8Q+ Rxf8 44. Rxf8 1-0

[Event "Titled Tuesday intern op 21st Mar Early"]
[Site "Chess.com INT"]
[Date "2023.03.21"]
[Round "6"]
[White "Quinonez Garcia, Santiago"]
[Black "Garcia Correa, Jose Ricardo"]
[Result "1-0"]
[WhiteElo "2248"]
[BlackElo "2103"]
[PlyCount "79"]
[EventDate "2023.03.21"]
[EventType "swiss (blitz)"]
[EventRounds "11"]
[EventCountry "USA"]
[SourceTitle "EXT 2024"]
[Source "ChessBase"]
[SourceDate "2023.10.10"]
[SourceVersion "1"]
[SourceVersionDate "2023.10.10"]
[SourceQuality "1"]

1. d4 d5 2. c4 e6 3. Nc3 Nf6 4. Bg5 c6 5. e3 Be7 6. Nf3 0-0 7. Bd3 b6 8. 0-0 Bb7 9. cxd5 exd5 10. Qc2 Nbd7 11. a3 h6 12. Bh4 Rb8 13. b4 Rc8 14. Bf5 Ne8 15. Bxe7 Qxe7 16. Ne5 Nef6 17. f4 Rc7 18. Rac1 c5 19. bxc5 bxc5 20. Nb5 Rcc8 21. Nxa7 Ra8 22. Nb5 c4 23. Ra1 g6 24. Bxg6 fxg6 25. Qxg6+ Qg7 26. Qc2 Ne4 27. Nc3 Nxe5 28. dxe5 Nxc3 29. Qxc3 Kh8 30. Rf2 Bc6 31. f5 Rxf5 32. Rxf5 d4 33. Qd2 dxe3 34. Qe2 Rg8 35. Ra2 Qd7 36. Rf6 Rxg2+ 37. Qxg2 Bxg2 38. Kxg2 Qd5+ 39. Rf3 c3 40. Re2 1-0

[Event "Titled Tuesday intern op 14th Mar Late"]
[Site "Chess.com INT"]
[Date "2023.03.14"]
[Round "7"]
[White "Bilych, Olexiy"]
[Black "Quinonez Garcia, Santiago"]
[Result "0-1"]
[WhiteElo "2419"]
[BlackElo "2248"]
[PlyCount "112"]
[EventDate "2023.03.14"]
[EventType "swiss (blitz)"]
[EventRounds "11"]
[EventCountry "USA"]
[SourceTitle "EXT 2024"]
[Source "ChessBase"]
[SourceDate "2023.10.10"]
[SourceVersion "1"]
[SourceVersionDate "2023.10.10"]
[SourceQuality "1"]

1. d4 Nf6 2. c4 g6 3. Nc3 d5 4. Bf4 Bg7 5. e3 0-0 6. Rc1 c5 7. dxc5 Qa5 8. Nf3 Ne4 9. Be5 Bxe5 10. Nxe5 Nxc3 11. Rxc3 Qxa2 12. cxd5 Qxb2 13. Qc1 Qxc1+ 14. Rxc1 Bf5 15. f3 f6 16. Nc4 Rc8 17. e4 Rxc5 18. exf5 b5 19. Kd2 bxc4 20. Bxc4 Nd7 21. d6+ Kf8 22. dxe7+ Kxe7 23. Rhe1+ Kf8 24. Be6 Rd8 25. Ke3 Re5+ 26. Kf2 Rxe1 27. Rxe1 Nc5 28. fxg6 Nd3+ 29. Ke2 Nxe1 30. gxh7 Kg7 31. Bf5 Nxg2 32. Kf2 Nh4 33. Be4 Ng6 34. Bc6 Kxh7 35. Kg3 a5 36. Be4 Kg7 37. h4 a4 38. h5 Ne5 39. Bb1 a3 40. Ba2 Rd2 41. Be6 a2 42. Bxa2 Rxa2 43. f4 Ra3+ 44. Kh4 Ra4 45. Kg3 Nd3 46. Kh4 Rxf4+ 47. Kg3 Rf5 48. Kh4 Rg5 49. Kh3 f5 50. Kh4 Kh6 51. Kh3 f4 52. Kh4 f3 53. Kh3 f2 54. Kh4 Ne5 55. Kh3 f1Q+ 56. Kh4 Qh1# 0-1

[Event "Titled Tuesday intern op 14th Mar Late"]
[Site "Chess.com INT"]
[Date "2023.03.14"]
[Round "2"]
[White "Simonovic, Miroslav"]
[Black "Quinonez Garcia, Santiago"]
[Result "0-1"]
[WhiteElo "2115"]
[BlackElo "2248"]
[PlyCount "106"]
[EventDate "2023.03.14"]
[EventType "swiss (blitz)"]
[EventRounds "11"]
[EventCountry "USA"]
[SourceTitle "EXT 2024"]
[Source "ChessBase"]
[SourceDate "2023.10.10"]
[SourceVersion "1"]
[SourceVersionDate "2023.10.10"]
[SourceQuality "1"]

1. d4 Nf6 2. Bg5 Ne4 3. Bf4 d5 4. e3 g6 5. Bd3 Nf6 6. h4 Bg7 7. Be5 Nc6 8. Nf3 Nxe5 9. dxe5 Ng4 10. h5 Nxe5 11. Nxe5 Bxe5 12. c3 Be6 13. Qc2 Qd7 14. Nd2 0-0-0 15. Nf3 Bf6 16. 0-0-0 Bg4 17. hxg6 hxg6 18. Be2 c6 19. Qa4 Kb8 20. Qb3 Qc7 21. a4 e5 22. Rxh8 Rxh8 23. Re1 Be6 24. Qc2 Bf5 25. Qb3 g5 26. g3 g4 27. Nd2 Rh2 28. Rf1 Be6 29. Qd1 Qd7 30. Nb3 b6 31. a5 Bg5 32. axb6 axb6 33. Kb1 Bf5+ 34. Bd3 Kb7 35. Qc2 e4 36. Be2 Be6 37. Nd4 Qd6 38. Nxe6 Qxe6 39. Qd1 f5 40. Qa4 b5 41. Qa5 Bxe3 42. Bxb5 Rxf2 43. Qa6+ Kc7 44. Rh1 Bh6 45. Qa7+ Kd6 46. Bxc6 Kxc6 47. Qa6+ Kd7 48. Qa7+ Kd6 49. Qxf2 e3 50. Qe2 Qe4+ 51. Kc1 Qxh1+ 52. Kc2 Qe4+ 53. Kd1 Qb1# 0-1

[Event "Titled Tuesday intern op 7th Mar Late"]
[Site "Chess.com INT"]
[Date "2023.03.07"]
[Round "3"]
[White "Curtis, John"]
[Black "Quinonez Garcia, Santiago"]
[Result "0-1"]
[WhiteElo "2292"]
[BlackElo "2248"]
[PlyCount "52"]
[EventDate "2023.03.07"]
[EventType "swiss (blitz)"]
[EventRounds "11"]
[EventCountry "USA"]
[SourceTitle "EXT 2024"]
[Source "ChessBase"]
[SourceDate "2023.10.10"]
[SourceVersion "1"]
[SourceVersionDate "2023.10.10"]
[SourceQuality "1"]

1. e4 e5 2. Nf3 Nc6 3. Bb5 a6 4. Bxc6 dxc6 5. 0-0 Bd6 6. d4 exd4 7. Nxd4 c5 8. Nb3 Nf6 9. e5 Bxe5 10. Qxd8+ Kxd8 11. Nxc5 b6 12. Rd1+ Bd6 13. Na4 Ke7 14. Bg5 Re8 15. Nbc3 Be6 16. Ne4 Be5 17. f4 Kf8 18. Bxf6 Bxf6 19. Nxf6 gxf6 20. b3 Bf5 21. Rd2 Re4 22. g3 Rae8 23. Nc3 R4e6 24. Nd5 Rd6 25. Rad1 Red8 26. Kf2 c6 0-1

[Event "Titled Tuesday intern op 7th Mar Late"]
[Site "Chess.com INT"]
[Date "2023.03.07"]
[Round "10"]
[White "Pinheiro, Iung Alicio"]
[Black "Quinonez Garcia, Santiago"]
[Result "0-1"]
[WhiteElo "2306"]
[BlackElo "2248"]
[PlyCount "92"]
[EventDate "2023.03.07"]
[EventType "swiss (blitz)"]
[EventRounds "11"]
[EventCountry "USA"]
[SourceTitle "EXT 2024"]
[Source "ChessBase"]
[SourceDate "2023.10.10"]
[SourceVersion "1"]
[SourceVersionDate "2023.10.10"]
[SourceQuality "1"]

1. e4 e5 2. Nf3 Nc6 3. Bb5 a6 4. Ba4 Nf6 5. d3 b5 6. Bb3 Be7 7. 0-0 0-0 8. a4 Rb8 9. axb5 axb5 10. c3 d6 11. Nbd2 h6 12. Re1 Bb7 13. Nf1 Re8 14. Ng3 Bf8 15. h3 Ne7 16. Nh2 Ng6 17. Ng4 c5 18. Nxf6+ Qxf6 19. Nh5 Qe7 20. Qg4 Kh7 21. Qf5 c4 22. dxc4 Bc8 23. Qf3 Be6 24. Be3 bxc4 25. Ba4 Rec8 26. Ra2 Qb7 27. Rd1 Nh4 28. Qg3 Qxe4 29. Ba7 Ra8 30. f3 Qg6 31. Qxh4 Rxa7 32. Rda1 Rca8 33. g4 Kg8 34. Qf2 Qd3 35. Ng3 Qd5 36. Ne4 Bd7 37. Bb3 Rxa2 38. Rxa2 Rxa2 39. Bxa2 Qd1+ 40. Kg2 d5 41. Nc5 Bc6 42. b4 cxb3 43. Bxb3 Qc1 44. Ba4 Qxc3 45. Bxc6 Bxc5 46. Qe2 Qd4 0-1

[Event "Titled Tuesday intern op 7th Mar Late"]
[Site "Chess.com INT"]
[Date "2023.03.07"]
[Round "1"]
[White "Quinonez Garcia, Santiago"]
[Black "Cuenca Jimenez, Jose Fernando"]
[Result "0-1"]
[WhiteElo "2248"]
[BlackElo "2553"]
[PlyCount "72"]
[EventDate "2023.03.07"]
[EventType "swiss (blitz)"]
[EventRounds "11"]
[EventCountry "USA"]
[SourceTitle "EXT 2024"]
[Source "ChessBase"]
[SourceDate "2023.10.10"]
[SourceVersion "1"]
[SourceVersionDate "2023.10.10"]
[SourceQuality "1"]

1. d4 Nf6 2. c4 g6 3. Nc3 Bg7 4. e4 d6 5. h3 0-0 6. Nf3 e5 7. d5 Nh5 8. g3 f5 9. exf5 gxf5 10. Nh4 Nf4 11. Be3 Na6 12. Qc2 Ng6 13. Nxg6 hxg6 14. h4 e4 15. 0-0-0 Nc5 16. h5 g5 17. h6 Bf6 18. Rh5 Kh8 19. Qd2 Rg8 20. Be2 Bd7 21. Rdh1 Be8 22. R5h2 Bg6 23. Kb1 a5 24. Ka1 a4 25. h7 Rg7 26. Rh6 Qe7 27. Bh5 Bxh5 28. R1xh5 Nd3 29. Ne2 a3 30. Rxf6 axb2+ 31. Kb1 Qxf6 32. Bd4 Ne5 33. g4 Qg6 34. Ng3 Rf8 35. Rh1 fxg4 36. Qe3 Nxc4 0-1

[Event "Titled Tuesday intern op 7th Mar Late"]
[Site "Chess.com INT"]
[Date "2023.03.07"]
[Round "2"]
[White "Quinonez Garcia, Santiago"]
[Black "Ezat, Mohamed Mahmoud"]
[Result "0-1"]
[WhiteElo "2248"]
[BlackElo "2397"]
[PlyCount "68"]
[EventDate "2023.03.07"]
[EventType "swiss (blitz)"]
[EventRounds "11"]
[EventCountry "USA"]
[SourceTitle "EXT 2024"]
[Source "ChessBase"]
[SourceDate "2023.10.10"]
[SourceVersion "1"]
[SourceVersionDate "2023.10.10"]
[SourceQuality "1"]

1. d4 Nf6 2. c4 g6 3. Nc3 Bg7 4. e4 d6 5. Nf3 0-0 6. h3 e5 7. d5 Na6 8. Be3 Nc5 9. Nd2 a5 10. a3 Ne8 11. g4 f5 12. gxf5 gxf5 13. Rg1 Kh8 14. Qh5 Qf6 15. 0-0-0 Qf7 16. Qh4 a4 17. Be2 Bf6 18. Bg5 Bd7 19. Bh5 Qe7 20. Nf3 fxe4 21. Nxe4 Nxe4 22. Qxe4 Ng7 23. Bg4 Bxg5+ 24. Kb1 Rf4 25. Qc2 Bxg4 26. Nxg5 Qxg5 27. hxg4 Raf8 28. Qxa4 Rxf2 29. Rh1 e4 30. Qd7 Qe5 31. Qb5 e3 32. g5 e2 33. Rde1 Rf1 34. g6 Rxh1 0-1

[Event "Titled Tuesday intern op 17th Jan Late"]
[Site "Chess.com INT"]
[Date "2023.01.17"]
[Round "2"]
[White "Al Tarbosh, Ward"]
[Black "Quinonez Garcia, Santiago"]
[Result "1-0"]
[WhiteElo "2238"]
[BlackElo "2248"]
[PlyCount "65"]
[EventDate "2023.01.17"]
[EventType "swiss (blitz)"]
[EventRounds "11"]
[EventCountry "USA"]
[SourceTitle "CBM 212 Extra"]
[Source "ChessBase"]
[SourceDate "2023.03.31"]
[SourceVersion "1"]
[SourceVersionDate "2023.03.31"]
[SourceQuality "1"]

1. e4 e5 2. Nf3 Nc6 3. Bb5 a6 4. Ba4 Nf6 5. 0-0 Be7 6. Qe2 b5 7. Bb3 d6 8. c3 0-0 9. Rd1 Na5 10. Bc2 c5 11. d4 Qc7 12. d5 Re8 13. b3 h6 14. h3 Bf8 15. Nbd2 g6 16. a4 Bd7 17. Bd3 c4 18. bxc4 bxa4 19. Bc2 Rec8 20. Bxa4 Nxc4 21. Bxd7 Nxd7 22. Nf1 a5 23. g4 a4 24. h4 f6 25. g5 fxg5 26. hxg5 h5 27. Nh4 Kg7 28. Ng3 Qd8 29. Nxg6 Kxg6 30. Qxh5+ Kg7 31. Nf5+ Kg8 32. Qg6+ Kh8 33. Kg2 1-0